000 00901nam a2200277Ia 4500
003 OSt
005 20220930090324.0
006 a|||||r|||| 00| 0
007 ta
008 220926b |||||||| |||| 00| 0 eng d
024 _a109245
037 _cTheses
040 _aCRL
_cCRL
_beng
041 _2eng
_aeng
100 _aRam Kumar T V
_9542293
110 _aUniversity of Delhi. Faculty of Medical Sciences. Department of Paediatrics
245 0 _aEffect of zinc supplementation on growth in very low birth weight infants
260 _c2008
300 _a56p.
_ap.
_ccm.
650 _aCHILDREN - DISEASES
700 _a Dr. S. Ramji Gu.
_9532675
700 _a Dr. Urmila Jhamb Gu.
_9532612
700 _aUniversity of Delhi. Faculty of Medical Sciences. Department of Paediatrics
942 _cDIS
_2CC
999 _c880389
_d880389